Návrh progresívnej technológie výroby poloosí a hriadeľa kolesa nápravy "GR" : Diplomová práca

Guardado en:
Detalles Bibliográficos
Autor principal: Kotman, Peter (Autor)
Otros Autores: Fulajtár, Juraj (xxx)
Formato: Manuscrito Libro
Lenguaje:eslovaco
Publicado: Trnava : SVŠT v Bratislave StF KOOSaM, 1990
Materias:
Etiquetas: Agregar Etiqueta
Sin Etiquetas, Sea el primero en etiquetar este registro!

MARC

LEADER 00000ntm a22000003a 4500
001 stu92678
005 20160719162625.4
008 050201s1990----cs------------------slo-d
040 |a STU  |b slo 
041 0 |a slo 
044 |a cs 
100 1 |a Kotman, Peter  |4 aut 
245 1 |a Návrh progresívnej technológie výroby poloosí a hriadeľa kolesa nápravy "GR" :  |b Diplomová práca 
260 |a Trnava :  |b SVŠT v Bratislave StF KOOSaM,  |c 1990 
300 |a 47 s  |c príl 
650 7 |a Strojárska technológia-obrábanie  |2 stusub 
700 1 |a Fulajtár, Juraj  |4 xxx 
996 |b 284M037896  |c M*DP-2850  |l MMSKP  |s P  |a 0  |w stu92678_0001